OGC Nice players (2010-2020) - Statistics

General Stats
  • This quiz has been taken 4 times
  • The average score is 52 of 141
Answer Stats
Rank Player Positions Nationality Matches Goals (assists) Period % Correct
6 Alassane Pléa ST 112 36 (22) 2014-2018
100%
4 Dante CB 123 3 (4) 2016-2020
100%
56 Hatem Ben Arfa AM 34 17 (6) 2015-2016
100%
26 Allan Saint-Maximin LW 64 9 (12) 2017-2019
67%
2 David Ospina GK 127 0 (0) 2010-2014
67%
115 Gautier Lloris CB 5 0 (0) 2015-2016, 2019-2020
67%
42 Paul Baysse CB 52 2 (1) 2015-2017
67%
15 Pierre Lees-Melou DM 90 12 (13) 2017-2020
67%
5 Valentin Eysseric AM 120 14 (15) 2012-2018
67%
16 Vincent Koziello CM 84 4 (7) 2014-2018
67%
14 Walter Benítez GK 92 0 (0) 2016-2020
67%
13 Wylan Cyprien CM 94 21 (10) 2016-2020
67%
75 Abdou Traoré CM 23 1 (1) 2010-2011
33%
112 Abeiku Quansah DM 5 0 (0) 2010-2011
33%
73 Abraham Gneki Guié ST 24 1 (1) 2011-2013
33%
90 Adam Ounas RW 16 2 (4) 2019-2020
33%
137 Adeílson ST 1 0 (0) 2010-2011
33%
22 Adrien Tamèze DM 71 1 (4) 2017-2020
33%
126 Alain Cantareil LB 3 0 (0) 2010-2011
33%
67 Albert Rafetraniaina DM 27 0 (0) 2012-2016
33%
82 Alexandre Mendy ST 18 1 (0) 2015-2016
33%
78 Alexis Claude-Maurice AM 22 1 (1) 2019-2020
33%
20 Alexy Bosetti ST 75 10 (5) 2011-2015
33%
83 Anastasios Donis LW 18 5 (1) 2016-2017
33%
93 Andy Pelmard CB 14 0 (0) 2018-2020
33%
138 Anthony Mandréa GK 1 0 (0) 2013-2014
33%
28 Anthony Mounier LW 63 11 (13) 2010-2012
33%
128 Antony Ranieri ST 2 0 (0) 2015-2016
33%
72 Arnaud Lusamba CM 25 1 (2) 2016-2018, 2019-2020
33%
37 Arnaud Souquet RB 55 1 (7) 2016-2018
33%
127 Assil Jaziri AM 3 0 (0) 2018-2019
33%
35 Bassem Srarfi RW 56 4 (1) 2016-2020
33%
113 Bryan Constant ST 5 0 (0) 2013-2015
33%
49 Camel Meriem AM 44 2 (6) 2011-2013
33%
68 Chaouki Ben Saada RW 27 2 (1) 2010-2011
33%
55 Christian Brüls AM 34 2 (5) 2013-2014
33%
45 Christophe Hérelle CB 48 3 (0) 2018-2020
33%
64 Christophe Jallet RB 29 1 (0) 2017-2019
33%
120 Cyril Hennion AM 4 0 (0) 2010-2012
33%
57 Dalbert LB 33 0 (3) 2016-2017
33%
60 Danijel Ljuboja ST 30 5 (1) 2010-2011
33%
52 Danilo Barbosa DM 38 0 (0) 2018-2020
33%
24 Darío Cvitanich ST 69 30 (3) 2012-2015
33%
100 David Bellion ST 10 0 (0) 2010-2011
33%
80 David Hellebuyck CM 21 1 (3) 2010-2012
33%
114 Diacko Fofana RB 5 0 (0) 2011-2013
33%
1 Didier Digard DM 133 3 (10) 2010-2015
33%
108 Dorian Caddy ST 7 0 (0) 2015-2016
33%
47 Drissa Diakité CB 45 0 (0) 2010-2012
33%
109 Eddy Sylvestre CM 6 0 (1) 2018-2020
33%
61 Eduardo AM 30 10 (5) 2014-2015
33%
97 Elliot Grandin AM 12 0 (1) 2011-2012
33%
65 Emerse Faé CM 28 3 (4) 2010-2012
33%
12 Eric Bauthéac RW 97 21 (17) 2012-2015
33%
34 Éric Mouloungui ST 60 12 (6) 2010-2012
33%
84 Esmaël Gonçalves ST 18 2 (3) 2010-2012
33%
54 Fabián Monzón LB 35 8 (0) 2011-2013
33%
129 Fabien Dao Castellana DM 2 0 (0) 2012-2013
33%
18 Fabrice Abriel CM 80 1 (5) 2011-2014
33%
62 Franck Dja Djédjé RW 30 4 (2) 2011-2013
33%
81 Franck Honorat RW 19 0 (0) 2013-2016
33%
32 François Clerc RB 61 5 (3) 2010-2012
33%
27 Grégoire Puel RB 64 1 (2) 2012-2015
33%
105 Grégory Paisley LB 8 0 (0) 2010-2011
33%
99 Habib Bamogo CF 11 1 (0) 2010-2011
33%
101 Hicham Boudaoui CM 9 1 (2) 2019-2020
33%
121 Hicham Mahou RW 4 0 (0) 2016-2018
33%
130 Ibrahim Cissé CB 2 0 (0) 2019-2020
33%
40 Ignatius Ganago ST 52 6 (1) 2017-2020
33%
74 Ihsan Sacko ST 24 0 (2) 2017-2020
33%
85 Ismaël Gace CB 18 1 (0) 2010-2011
33%
8 Jean Michaël Seri DM 103 12 (22) 2015-2018
33%
63 Jean-Victor Makengo CM 30 1 (0) 2017-2019
33%
17 Jérémy Pied RB 82 1 (9) 2012-2016
33%
122 Jonathan Correia DM 4 0 (0) 2015-2016
33%
38 Jordan Amavi LB 55 4 (0) 2013-2015
33%
92 Joris Delle GK 15 0 (0) 2012-2013, 2014-2015
33%
41 Julien Sablé DM 52 0 (0) 2010-2012
33%
102 Julien Vercauteren AM 9 0 (2) 2014-2015
33%
29 Kafoumba Coulibaly DM 63 2 (5) 2010-2013
33%
76 Kasper Dolberg ST 23 11 (3) 2019-2020
33%
70 Kévin Anin CM 26 1 (0) 2011-2013
33%
106 Kévin Diaz RM 8 0 (0) 2012-2013
33%
36 Kévin Gomis CB 56 0 (1) 2011-2016
33%
131 Kévin Malaga CB 2 0 (0) 2010-2012
33%
94 Khéphren Thuram CM 14 0 (0) 2019-2020
33%
110 Lamine Diaby-Fadiga AM 6 0 (0) 2018-2019
33%
86 Larrys Mabiala CB 17 0 (0) 2010-2012
33%
123 Lionel Létizi GK 4 0 (0) 2010-2011
33%
30 Lloyd Palun RB 62 1 (1) 2010-2015
33%
132 Loïc Rémy ST 2 1 (0) 2010-2011
33%
139 Lucas Rougeaux CB 1 0 (0) 2012-2013
33%
116 Lucas Veronese GK 5 0 (0) 2013-2014
33%
79 Luigi Bruins CM 22 1 (1) 2012-2014
33%
46 Mahamane Traoré CM 48 5 (5) 2012-2014, 2015-2016
33%
9 Malang Sarr CB 102 3 (2) 2016-2020
33%
117 Mamadou Bagayoko ST 5 0 (0) 2010-2011
33%
33 Mario Balotelli ST 61 33 (2) 2016-2019
33%
77 Marlon CB 23 0 (0) 2017-2018
33%
19 Mathieu Bodmer DM 80 5 (4) 2013-2017
33%
25 Maxime Le Marchand CB 65 1 (3) 2015-2018
33%
133 Maxime Pélican ST 2 0 (0) 2018-2019
33%
69 Mickaël Le Bihan ST 27 5 (3) 2015-2020
33%
103 Mickaël Poté ST 9 0 (0) 2010-2012
33%
44 Mouez Hassen GK 49 0 (0) 2013-2016
33%
111 Mounir Obbadi CM 6 0 (0) 2016-2017
33%
118 Moussa Wagué RB 5 0 (2) 2019-2020
33%
58 Myziane Maolida LW 32 1 (6) 2018-2020
33%
3 Nampalys Mendy DM 124 1 (4) 2013-2016, 2017-2018
33%
50 Neal Maupay ST 44 6 (2) 2012-2015
33%
10 Nemanja Pejcinovic CB 100 6 (3) 2010-2014
33%
48 Niklas Hult LB 45 2 (1) 2014-2016
33%
66 Olivier Boscagli CB 28 1 (1) 2014-2017, 2018-2019
33%
39 Patrick Burner RB 54 1 (1) 2016-2020
33%
95 Paulin Puel ST 14 0 (0) 2013-2016
33%
140 Pedro Brazão RW 1 0 (0) 2018-2019
33%
71 Racine Coly LB 26 1 (1) 2017-2020
33%
134 Raúl Fernández GK 2 0 (0) 2011-2012
33%
31 Rémi Walter CM 62 3 (1) 2015-2020
33%
11 Renato Civelli CB 99 12 (7) 2010-2013
33%
43 Ricardo Pereira RB 50 2 (8) 2015-2017
33%
124 Riza Durmisi LB 4 0 (0) 2019-2020
33%
7 Romain Genevois CB 105 2 (3) 2012-2016
33%
141 Romain Perraud LB 1 0 (0) 2017-2018
33%
135 Sada Thioub RW 2 0 (0) 2014-2015
33%
87 Saïd Benrahma LW 17 3 (2) 2013-2016
33%
104 Simon Pouplin GK 9 0 (0) 2014-2016
33%
96 Souleymane Diawara CB 14 0 (0) 2014-2015
33%
88 Stanley Nsoki CB 17 0 (1) 2019-2020
33%
91 Stéphane Bahoken ST 16 2 (0) 2010-2013
33%
125 Stéphan Raheriharimanana CM 4 0 (0) 2015-2016
33%
23 Timothée Kolodziejczak CB 71 2 (6) 2012-2014
33%
53 Valère Germain ST 38 14 (6) 2015-2016
33%
107 Vincent Marcel AM 8 0 (0) 2016-2018
33%
89 Wallyson DM 17 0 (2) 2015-2016
33%
119 Wesley Sneijder AM 5 0 (0) 2017-2018
33%
98 Xavier Pentecôte ST 12 0 (0) 2011-2013
33%
136 Yannis Clémentia GK 2 0 (0) 2019-2020
33%
21 Yoan Cardinale GK 75 0 (0) 2015-2019
33%
51 Youcef Atal RB 42 7 (3) 2018-2020
33%
59 Younès Belhanda AM 31 3 (7) 2016-2017
33%
No matching quizzes found
Score Distribution
Percent of People with Each Score
Percentile by Number Answered
Your Score History
You have not taken this quiz